| 000 | 00957nam a22002777a 4500 | ||
|---|---|---|---|
| 003 | DO-SdBNP | ||
| 005 | 20180201104455.0 | ||
| 008 | 160316b 1980 sp xxu||||| |||| 00| 0 spa d | ||
| 020 | _a8402075975 | ||
| 040 |
_aBPMSU _bspa _cBPMSU |
||
| 041 | 1 | 7 |
_aspa _heng |
| 092 |
_axxxx _bxxxx |
||
| 100 | 1 |
_aAsimov, Isaac, _d1920-1992. |
|
| 240 | 1 | 0 |
_aLucky Starr and the pirates of the asteroids. _lEspañol |
| 245 | 1 | 0 |
_aLucky Starr : _bLos piratas de los asteroides / _cIsaac Asimov ; ilustraciones de María Teresa Cáceres ; traducción del inglés Ma. Teresa Segur. |
| 260 |
_aBarcelona : _bBruguera, _c1980. |
||
| 300 |
_a220, [1] p.: _bil. ; _c18 cm. |
||
| 490 | 1 |
_aTodolibro _v1664/30 |
|
| 500 | _aIncluye datos biográficos del autor. | ||
| 700 |
_aCáceres, María Teresa, _eil. |
||
| 700 | 1 | 2 |
_aSegur, María Teresa, _etr. |
| 830 | 0 |
_pTodolibro ; _n1664/30 |
|
| 942 |
_2ddc _cBK |
||
| 945 | _aInventariado, 2018/ YL | ||
| 956 |
_2LOPEREZ _310 |
||
| 999 |
_c9260 _d9260 |
||